000 00989nam a22003017a 4500
003 CHAP
005 20220329133728.0
008 971013s1994 r 00010 d
010 _a10046
011 _a11018
035 _a10256
040 _cCHAP
090 _aTesis
100 0 0 _aGuerrero Rodríguez, Juan de Dios.
_951263
245 _aEstudio etnobotánico y agronómico del "cahuayote" (Gonolobus niger (Cav.) R. Br.)
260 _aChapingo, Méx. :
_bEl autor,
_c1994
300 _a135 h.
_b: ilus
502 _aTesis (Ing. Agr. Esp. en Fitotecnia) -- UACH. Departamento de Fitotecnia
590 _aALEPH
_b10
_c20130110
_lUCH01
_h1226
590 _aBATCH-UPD
_b10
_c20130110
_lUCH01
_h2157
590 _aBATCH-UPD
_b10
_c20130410
_lUCH01
_h1505
590 _aBATCH-UPD
_b10
_c20130914
_lUCH01
_h1546
590 _aCONVERSION
_b10
_c20130109
_lUCH01
_h1306
650 1 4 _aGonolobus niger.
_948632
901 _aBK
942 _cTESIS
949 _bBC
_cTES
_d-21707
_eTS1
_h26751
_i10256
_si
999 _c10046
_d10046